| 000 | 00435nam a2200157Ia 4500 | ||
|---|---|---|---|
| 008 | 160316s1957 xxu||||| |||| 00| 0 eng d | ||
| 082 |
_a301.000000 _bKOE |
||
| 100 | _aKoening Samuel | ||
| 245 | _aSociology : An introduction to the science of society | ||
| 250 | _a | ||
| 260 |
_aNew York _bBarnes & Nobel Books _c1957 |
||
| 300 |
_a339p _b20 cm _cxi |
||
| 365 | _b$ 4.95 | ||
| 650 | _a1.Society - Origin & Developement | ||
| 700 |
_a _a |
||
| 999 |
_c1181 _d1181 |
||